000
00226 a2200097 4500
001
47333
100
_a
Turner G
245
_a
National security in the nuclear age
260
_a
London
_b
Stevens sons
_c
090
_c
30370
_d
30370
942
_a
NUST-CAE
_c
M
_c
22637
999
_c
282406
_d
282406